Govt. of
Madhya Pradesh

Savarkar's Writiings Indian Politics (Record no. 65587)

MARC details
000 -LEADER
fixed length control field 00271nam a22001097a 4500
082 ## - DEWEY DECIMAL CLASSIFICATION NUMBER
Classification number 320/VEG
100 ## - MAIN ENTRY--AUTHOR NAME
Personal name Vegada ,Arvind
245 ## - TITLE STATEMENT
Title Savarkar's Writiings Indian Politics
260 ## - PUBLICATION, DISTRIBUTION, ETC. (IMPRINT)
Place of publication Delhi
Name of publisher Vsual Pub.& Distributors
Year of publication 2018
650 ## - SUBJECT ADDED ENTRY--TOPICAL TERM
Topical Term Political
942 ## - ADDED ENTRY ELEMENTS (KOHA)
Koha item type Books
Holdings
Withdrawn status Lost status Damaged status Not for loan Home library Current library Date acquired Cost, normal purchase price Full call number Accession Number Price effective from Koha item type
        MACL MACL 18/11/2022 995.00 320/VEG CRE040153 18/11/2022 Books